000 00856nam a22002297a 4500
003 UA-OsUOA
001 101792
007 ta
008 20130819b un ||||| |||| 00| 0 ukr d
090 _a340.5
_bП59
942 _cBK
040 _aUA-OsUOA
_bukr
_cUA-OsUOA
_dUA-OsUOA
245 _aПорівняльне правознавство: сучасний стан і перспективи розвитку
_bзбірник наукових праць
_cза ред. Ю. С. Шемшученка, І. С. Гриценка, О. К. Маріна
300 _a520 с.
955 _a1
041 _aukr
080 _a340.5
020 _a978-966-171-505-8
260 _aК.
_bЛогос
_c2011
650 7 _a340 Право в цілому. Пропедевтика. Методи та допоміжні правничі науки
_2UDC
999 _c385966
_d385966